| 000 | 00870nas a2200277 4500 | ||
|---|---|---|---|
| 001 | BR9605226 | ||
| 003 | BR-BrBNA | ||
| 005 | 20231205095840.0 | ||
| 007 | ta | ||
| 008 | 230509b bl.|||p| |||| 00| 00por d | ||
| 040 |
_aBR-BrBNA _bpor _cBiblioteca Nacional de Agricultura |
||
| 041 | _a(Pt) | ||
| 072 | _aL73 | ||
| 100 | 1 | _aOliveira, S.M.P. de | |
| 100 | 1 | _aAfonso, R.C. de H. | |
| 100 | 1 | _aDias, C.M.G. | |
| 100 | 1 | _aBrazil, R.P. | |
| 245 | 1 | _aEstudo da fauna de flebotomineos (Diptera: Pysichodidae)em Santa Cruz, municipio do Rio de Janeiro, Brasil | |
| 650 | _aZoonose | ||
| 650 | _aLeishmaniose | ||
| 650 | _aTransmissao de Doenca | ||
| 650 | _aRio de Janeiro | ||
| 773 | 0 |
_tRevista Brasileira de Entomologia (Brazil) _xISSN 0085-5626 _g(Sep 1995), v. 39(3) p. 547-551 _wBR9605226 |
|
| 909 |
_a202311 _bLúcia _c55 _dLúcia Elande |
||
| 942 |
_2AGRIS _n0 _cANA |
||
| 999 |
_c153057 _d153057 |
||